000 nam a22 7a 4500
999 _c7513
_d7513
008 170918b xxu||||| |||| 00| 0 eng d
100 _aSterling Publishers
_94041
245 _aSynonyms, Antonyms Homonyms
260 _aNew Delhi
_bSterling Publishers
_c2010